Animal Crossing - les Villageois Tigres [avec image] - Statistiques

Statistiques générales
  • Ce quiz a été pris 8 fois
  • Le résultat moyen est 4 sur 7
Statistiques - réponses
Par images Réponse % Correct
Ralf
86%
Bengale
71%
Noémie
71%
Dolph
57%
Marito
57%
Vanina
57%
Jeff
43%
Aucun quiz correspondant
Distribution des résultats
% des personnes avec chaque résultat
Percentile par nombre de réponses
Votre historique - résultats
Vous n’avez pas pris ce quiz